000 00711nam a2200265Ia 4500
005 20260121172202.0
008 008 260114s9999 xx 000 0 eng d
020 _a9783030582159
037 _aEBOOK
040 _aCRL
040 _beng
040 _cCRL
041 _2eng
041 _aeng
084 _qCRL
100 _aVladimir Georgiev, Tohru Ozawa, Michael Ruzhansky, Jens Wirth
_91085313
245 0 _aAdvances in Harmonic Analysis and Partial Differential Equations
260 _bSpringer
260 _bSpringer
260 _c2020
856 _uhttps://link.springer.com/openurl?genre=book&isbn=978-3-030-58215-9
942 _cEBOOK
999 _c1651050
_d1651050